Der Rosenkavalier Le Chevalier a la Rose

Αποθηκεύτηκε σε:
Λεπτομέρειες βιβλιογραφικής εγγραφής
Κύριος συγγραφέας: Strauss, Richard, 1864-1949
Συλλογικό Έργο: Philharmonia Orchestra (London, England), Philharmonia Chorus (London, England)
Άλλοι συγγραφείς: Schwarzkopf, Elisabeth (prff), Edelmann, Otto (Ερμηνευτής), Ludwig, Christa (prff), Stich-Randall, Teresa, 1927-2007 (prff), Wachter, Eberhard (Ερμηνευτής), Meyer, Kerstin (prff), Karajan, Herbert von (Διευθυντής ορχήστρας), Hofmannsthal, Hugo von, 1874-1929 (Λιμπρετίστας)
Μορφή: Ηχητικό
Γλώσσα:German
Δημοσίευση: Germany : EMI Records, p1987.
Σειρά:EMI Studio
Θέματα:
Ετικέτες: Προσθήκη ετικέτας
Δεν υπάρχουν, Καταχωρήστε ετικέτα πρώτοι!

MARC

LEADER 00000cjm a2200000 i 4500
001 1/66960
008 990119s1987####gw ||||||| || | ger||
028 0 3 |a CDM 7634522 
035 |l 10047394 
040 |a GR-MyUa  |b gre  |e AACR2 
041 0 |d ger 
082 7 |a 782.1   |2 (22) 
100 1 |a Strauss, Richard,   |d 1864-1949. 
245 1 4 |a Der Rosenkavalier   |h [sound recording] =   |b Le Chevalier a la Rose /   |c Richard Strauss ; libretto Hugo von Hofmannsthal.  
246 1 |i Παράλληλος τίτλος:   |a Le Chevalier a la Rose  
260 |a Germany :   |b EMI Records,   |c p1987.  
300 |a 1 δίσκος CD (62 λεπτ.) :   |b ψηφιακή, στέρεο ;   |c 4 3/4 ίν. 
490 1 |a EMI Studio  
500 |a Opera in three acts.  
500 |a Includes highlights.  
511 0 |a Elisabeth Schwarzkopf ; Otto Edelmann ; Christa Ludwig ; Teresa Stich - Randall ; Eberhard Wachter ; Kerstin Meyer ; Philharmonia Orchestra ; Herbert von Karajan, conductor.  
650 0 0 |a Operas. 
700 1 |a Schwarzkopf, Elisabeth,  |e prff 
700 1 |a Edelmann, Otto,  |e prf 
700 1 |a Ludwig, Christa,  |e prff 
700 1 |a Stich-Randall, Teresa,   |d 1927-2007,  |e prff 
700 1 |a Wachter, Eberhard,  |e prf 
700 1 |a Meyer, Kerstin,  |e prff 
700 1 |a Karajan, Herbert von,  |e cnd 
700 1 |a Hofmannsthal, Hugo von,   |d 1874-1929,  |e lbt 
710 2 |a Philharmonia Orchestra (London, England) 
710 2 |a Philharmonia Chorus (London, England) 
830 0 |a EMI Studio 
852 |a INST  |b SAMOS  |c AV  |e 19990119  |h 782.1 STR  |p 005300010479  |q 005300010479  |t CD  |y 23 
901 |a BIBL-1999-1 
922 |a 3ΕΛΗ  |b 199901  |c ΤΜΗΜΑ ΜΑΘΗΜΑΤΙΚΩΝ  |d ΛΕΣΧΗ ΔΙΣΚΟΥ